Like an everlasting signet ring : generosity in the book of Sirach (Record no. 233087)

MARC details
000 -LEADER
fixed length control field 00847nam a2200229Ia 4500
008 - FIXED-LENGTH DATA ELEMENTS--GENERAL INFORMATION
fixed length control field 191130s2010##################000#0#eng##
020 ## - INTERNATIONAL STANDARD BOOK NUMBER
ISBN 9783110223668
082 ## - DEWEY DECIMAL CLASSIFICATION NUMBER
Classification number 229.406 GRE
100 ## - MAIN ENTRY--AUTHOR NAME
Personal name Gregory, Bradley C
245 ## - TITLE STATEMENT
Title Like an everlasting signet ring : generosity in the book of Sirach
Statement of responsibility, etc Bradley C. Gregory
260 ## - PUBLICATION, DISTRIBUTION, ETC. (IMPRINT)
Place of publication Berlin
Name of publisher De Gruyter
Year of publication c2010
300 ## - PHYSICAL DESCRIPTION
Number of Pages xvii, 378 p. ; 24 cm
500 ## - GENERAL NOTE
General note Includes bibliographical references and indexes. Contains passages in Hebrew, Syriac, and Greek with English translations
650 ## - SUBJECT ADDED ENTRY--TOPICAL TERM
Topical Term Bible. O.T. Apocrypha. Ecclesiasticus - Criticism, interpretation, etc
Topical Term Charity - Biblical teaching
Topical Term Generosity - Biblical teaching
991 ## -
-- 92058
Holdings
Withdrawn status Lost status Damaged status Not for loan Home library Current library Shelving location Date acquired Full call number Accession Number Price effective from Koha item type
        Anna Centenary Library Anna Centenary Library 3RD FLOOR, B WING 13.10.2020 229.406 GRE 388367 13.10.2020 English Books

Find us on the map